|
|
|
|
| LEADER |
00979cam a2200253 7i4500 |
| 001 |
0000037490 |
| 005 |
20170308090000.0 |
| 020 |
|
|
|a 0495601888 (pbk.)
|
| 020 |
|
|
|a 9780495601883 (pbk.)
|
| 090 |
0 |
0 |
|a HV699
|b .C36 2010
|
| 100 |
1 |
|
|a Collins, Don
|
| 245 |
1 |
3 |
|a An introduction to family social work
|c Don Collins, Catheleen Jordan, Heather Coleman.
|
| 250 |
|
|
|a 3rd ed.
|
| 260 |
|
|
|a Australia:
|b Brooks/Cole/Cengage Learning,
|c 2010.
|
| 300 |
|
|
|a xxii, 428 p.:
|b ill.;
|c 24 cm.
|
| 504 |
|
|
|a Includes bibliographical references and index
|
| 650 |
0 |
0 |
|a Family social work --
|z United States
|
| 700 |
1 |
|
|a Coleman, Heather
|
| 700 |
1 |
|
|a Jordan, Catheleen
|
| 997 |
|
|
|a Education & Social Sciences, Faculty
|b Social Sciences, Department
|
| 998 |
|
|
|a Industrial Psychology, Degree
|
| 999 |
|
|
|a 0000048288
|b BOK
|c OPEN SHELF
|e 1st Floor, Bestari Jaya
|
| 999 |
|
|
|a 0000048289
|b BOK
|c OPEN SHELF
|e 1st Floor, Bestari Jaya
|
| 999 |
|
|
|a 0000048290
|b BOK
|c OPEN SHELF
|e 1st Floor, Bestari Jaya
|